| 000 | 00704nam a22001937a 4500 | ||
|---|---|---|---|
| 003 | URS | ||
| 005 | 20250424200607.0 | ||
| 008 | 250129b |||||||| |||| 00| 0 eng d | ||
| 020 | _a9789719655138 | ||
| 040 | _cURS | ||
| 050 | _aFIL PL 6054 .M325 2023 | ||
| 100 |
_4author _aMaranan, Mario H. |
||
| 245 |
_aKontekstwalisadong komunikasyon sa Filipino : alinsunod sa CMO 57, serye ng 2017 at silabus ng bagong asignaturang Filipino sa kolehiyo na inihanda ng tanggol wika / _cMario H. Maranan |
||
| 260 | _aManila, Philippines ; Mindshapers, 2023 | ||
| 300 | _aviii, 186 p ; 30 cm | ||
| 504 | _aIncludes bibliography. | ||
| 650 | _aFilipino language -- Study and teaching (Higher) | ||
| 942 |
_2lcc _cF |
||
| 999 |
_c82662 _d82661 |
||